000
00245nam a2200121Ia 4500
100
_a
Theraja/B.L
942
_c
BK
654
_a
Physics.
245
_a
Engineering Physics.
260
_b
S.Chand & Co.
_c
2001
082
_a
530
546
_a
ENGLISH
999
_c
28465
_d
28465